00314nam a2200121Ia 4500008004100000041000800041082001400049100001600063245004100079260003000120300003100150365001100181240624s9999 xx 000 0 und d aeng a332.6 NEL aNELKEN IZZY aHEDGE FUND AND INVESTMENT MANAGEMENT c2007aNew DelhibElsevier axvi, : 149 : p. : cm. ; 23 cRSb35